Tình trạng ô nhiễm vi sinh nguồn nước thải, nước sông rạch quanh khu vực chăn nuôi và giết mổ gia súc thuộc quận Ninh Kiều thành phố Cần Thơ : Luận văn thạc sĩ. chuyên ngành: Thú y

Khảo sát hiện trạng ô nhiễm do nguồn nước thải chăn nuôi thuộc quận Ninh Kiều TP. Cần Thơ. Đánh giá mức độ ô nhiễm về mặt vi sinh do nguồn nước thải chăn nuôi ở một số sông quận Ninh Kiều TP. Cần Thơ. Xác định vi khuẩn Salamonella trong...

詳細記述

保存先:
書誌詳細
第一著者: Nguyễn, Thị Thuý Diễm
フォーマット: 図書
言語:Undetermined
出版事項: Cần Thơ Trường Đại học Cần Thơ 2010
主題:
タグ: タグ追加
タグなし, このレコードへの初めてのタグを付けませんか!
Thư viện lưu trữ: Trung tâm Học liệu Trường Đại học Cần Thơ
LEADER 01573nam a2200229Ia 4500
001 CTU_163064
008 210402s9999 xx 000 0 und d
082 |a 579 
082 |b D304 
088 |a 60640101 
100 |a Nguyễn, Thị Thuý Diễm 
245 0 |a Tình trạng ô nhiễm vi sinh nguồn nước thải, nước sông rạch quanh khu vực chăn nuôi và giết mổ gia súc thuộc quận Ninh Kiều thành phố Cần Thơ : 
245 0 |b Luận văn thạc sĩ. chuyên ngành: Thú y 
245 0 |c Nguyễn Thị Thuý Diễm; Trần Thị Phận, Lý Thị Liên Khai (Hướng dẫn khoa học) 
260 |a Cần Thơ 
260 |b Trường Đại học Cần Thơ 
260 |c 2010 
520 |a Khảo sát hiện trạng ô nhiễm do nguồn nước thải chăn nuôi thuộc quận Ninh Kiều TP. Cần Thơ. Đánh giá mức độ ô nhiễm về mặt vi sinh do nguồn nước thải chăn nuôi ở một số sông quận Ninh Kiều TP. Cần Thơ. Xác định vi khuẩn Salamonella trong nguồn nước thải chăn nuôi ở một số sông thuộc quận Ninh Kiều TP. Cần Thơ ảnh hưởng đến sức khoẻ con người và vật nuôi. 
650 |a Groundwater,Microbiology,Nước mặt,Vi sinh vật 
650 |x Pollution,Sự ô nhiễm 
904 |i Năm 
980 |a Trung tâm Học liệu Trường Đại học Cần Thơ